| 000 | 00487nam a2200181Ia 4500 | ||
|---|---|---|---|
| 005 | 20250508151809.0 | ||
| 008 | 008 250505s9999 xx 000 0 eng d | ||
| 037 | _aTextual | ||
| 040 |
_aFEDL _beng _cFEDL |
||
| 041 |
_aeng _2eng |
||
| 084 |
_a823, HAR _qFEDL |
||
| 100 | _aHardy Thomas | ||
| 245 | 0 | _aMayor of casterbridge | |
| 260 |
_aMadras, India _bMacmillan and Company Limited _c1955 |
||
| 300 | _a132p. | ||
| 942 |
_cTEXL _h823, HAR |
||
| 999 |
_c1332198 _d1332198 |
||